[Event "Lovsprings op 06th D"]
[Site "Ringsted"]
[Date "1994.05.08"]
[Round "6"]
[White "Svava, Mogens"]
[Black "Nielsen, Carl Otto"]
[Result "0-1"]
[WhiteElo "1487"]
[BlackElo "1547"]
[PlyCount "90"]
[EventDate "1994.03.27"]
[EventType "swiss"]
[EventRounds "7"]
[EventCountry "DEN"]
[SourceTitle "EXT 2023"]
[Source "ChessBase"]
[SourceDate "2022.10.05"]
[SourceVersion "1"]
[SourceVersionDate "2022.10.05"]
[SourceQuality "1"]

1. Nf3 d5 2. d4 Nf6 3. g3 c6 4. Bg2 Bf5 5. 0-0 e6 6. Re1 Be7 7. Nbd2 h6 8. c3 Nbd7 9. Nb3 0-0 10. Nfd2 Nb6 11. e4 dxe4 12. Nxe4 Nbd5 13. f3 b5 14. a3 Qb6 15. Kh1 Rad8 16. Qe2 a5 17. Bd2 Nd7 18. c4 bxc4 19. Qxc4 Rb8 20. Nxa5 Qxb2 21. Nxc6 Rfc8 22. Nxe7+ Nxe7 23. Qd3 Rb3 24. Qb1 Rc2 25. Qxb2 Rbxb2 26. Bb4 Nd5 27. Bf1 Rxh2+ 28. Kg1 Bh3 29. Bd2 f5 30. Kxh2 Bxf1 31. Rxf1 fxe4 32. Rf2 exf3 33. Be1 Rb3 34. a4 N7f6 35. Rd2 Ng4+ 36. Kh3 h5 37. a5 Nc7 38. a6 g5 39. a7 Kf7 40. a8Q Nxa8 41. Rxa8 Rb1 42. Ra7+ Kf6 43. Ra8 Rxe1 44. Rf8+ Kg7 45. Rxf3 Rh1+ 0-1

[Event "Lovsprings op 06th D"]
[Site "Ringsted"]
[Date "1994.04.03"]
[Round "2"]
[White "Christiansen, Kay Verner"]
[Black "Nielsen, Carl Otto"]
[Result "1-0"]
[WhiteElo "1532"]
[BlackElo "1547"]
[PlyCount "67"]
[EventDate "1994.03.27"]
[EventType "swiss"]
[EventRounds "7"]
[EventCountry "DEN"]
[SourceTitle "EXT 2023"]
[Source "ChessBase"]
[SourceDate "2022.10.05"]
[SourceVersion "1"]
[SourceVersionDate "2022.10.05"]
[SourceQuality "1"]

1. e4 g6 2. d4 Bg7 3. Bc4 d6 4. Nf3 Nd7 5. c3 e6 6. Bg5 Ne7 7. 0-0 0-0 8. Na3 b6 9. d5 e5 10. Nc2 Nc5 11. Bd3 a5 12. Be3 f5 13. Bxc5 bxc5 14. Nd2 c6 15. dxc6 Nxc6 16. Bc4+ Kh8 17. Bd5 Qc7 18. b4 Ba6 19. Re1 axb4 20. cxb4 cxb4 21. Bxc6 Qxc6 22. Nxb4 Qc5 23. Nxa6 Rxa6 24. Nb3 Qa7 25. exf5 Rxf5 26. Re2 e4 27. Rc1 d5 28. Rc8+ Rf8 29. Rxf8+ Bxf8 30. Qxd5 Rd6 31. Qe5+ Kg8 32. Qxe4 Qxa2 33. Qc4+ Kg7 34. Rxa2 1-0